Kliknij państwa Afryki na mapie - Statystyki

Ogólne statystyki
  • Ten quiz został rozwiązany 1 475 razy
  • Średni wynik to 34 z 54
Odpowiedzi na mapie
Odpowiedzi zakodowano w zielono-czerwonej skali na mapie do tego quizu, zgodnie z poniższymi procentami.
 
Statystyki odpowiedzi
Odpowiedź % Poprawnych
Madagaskar
85%
Egipt
84%
Maroko
84%
Republika Południowej Afryki
83%
Algieria
82%
Demokratyczna Republika Konga
79%
Libia
77%
Sudan
77%
Niger
76%
Tunezja
76%
Czad
75%
Etiopia
74%
Somalia
74%
Sudan Południowy
74%
Nigeria
73%
Republika Środkowoafrykańska
67%
Wyspy Świętego Tomasza i Książęca
67%
Kenia
66%
Republika Zielonego Przylądka
64%
Botswana
63%
Erytrea
63%
Lesotho
63%
Namibia
63%
Angola
62%
Mauretania
62%
Mozambik
62%
Senegal
62%
Komory
61%
Mali
61%
Wybrzeże Kości Słoniowej
61%
Dżibuti
60%
Kamerun
60%
Kongo
60%
Seszele
60%
Zimbabwe
60%
Tanzania
59%
Ghana
58%
Gwinea Równikowa
58%
Togo
58%
Eswatini
57%
Burkina Faso
56%
Sierra Leone
54%
Uganda
53%
Zambia
53%
Benin
52%
Gabon
52%
Malawi
52%
Rwanda
52%
Gwinea
50%
Liberia
50%
Mauritius
50%
Gwinea Bissau
49%
Burundi
47%
Gambia
41%
Nie znaleziono quizów pasujących do podanych kryteriów
Rozkład punktacji
Procent ludzi z każdym wynikiem
Percentyl według liczby udzielonych odpowiedzi
Twoja historia wyników
Nie rozwiązałeś tego quizu